Magdir le-t͡simhe Eret͡s-Yisrael / (Record no. 31588)
[ view plain ]
| 000 -LEADER | |
|---|---|
| fixed length control field | 00904cam a22002891i 4500 |
| 001 - CONTROL NUMBER | |
| control field | he 66000463 |
| 003 - CONTROL NUMBER IDENTIFIER | |
| control field | DLC |
| 005 - DATE AND TIME OF LATEST TRANSACTION | |
| control field | 20260227111436.0 |
| 008 - FIXED-LENGTH DATA ELEMENTS--GENERAL INFORMATION | |
| fixed length control field | 800624s1965 is ab 001 0 heb |
| 010 ## - LIBRARY OF CONGRESS CONTROL NUMBER | |
| LC control number | he 66000463 |
| 035 ## - SYSTEM CONTROL NUMBER | |
| System control number | (OCoLC)6454559 |
| 040 ## - CATALOGING SOURCE | |
| Original cataloging agency | DLC |
| Transcribing agency | DNAL |
| Modifying agency | DLC |
| 042 ## - AUTHENTICATION CODE | |
| Authentication code | premarc |
| 050 00 - LIBRARY OF CONGRESS CALL NUMBER | |
| Classification number | QK378 |
| Item number | .E3 1965 |
| 070 0# - NATIONAL AGRICULTURAL LIBRARY CALL NUMBER | |
| Classification number | QK378.E3 |
| Item number | 1965 |
| 072 0# - SUBJECT CATEGORY CODE | |
| Subject category code | F700 |
| 100 1# - MAIN ENTRY--PERSONAL NAME | |
| Personal name | Eig, Alexander, |
| Dates associated with a name | 1894-1938. |
| 242 00 - TRANSLATION OF TITLE BY CATALOGING AGENCY | |
| Title | Plant nomenclature of the land of Israel. |
| 245 10 - TITLE STATEMENT | |
| Title | Magdir le-t͡simhe Eret͡s-Yisrael / |
| Statement of responsibility, etc. | me'et A. Eig, M. Zohari, N. Feinbrun. |
| 260 ## - PUBLICATION, DISTRIBUTION, ETC. | |
| Place of publication, distribution, etc. | Yerushalayim : |
| Name of publisher, distributor, etc. | Hamagdir, |
| Date of publication, distribution, etc. | 5725 [1965]. |
| 300 ## - PHYSICAL DESCRIPTION | |
| Extent | 67, 514 p. : |
| Other physical details | ill., map ; |
| Dimensions | 22 cm. |
| 500 ## - GENERAL NOTE | |
| General note | Added t.p.: Analytical flora of Palestine. |
| 500 ## - GENERAL NOTE | |
| General note | Includes indexes. |
| 700 1# - ADDED ENTRY--PERSONAL NAME | |
| Personal name | Zohary, Michael, |
| Dates associated with a name | 1898- |
| 700 2# - ADDED ENTRY--PERSONAL NAME | |
| Personal name | Feinbrun-Dothan, Naomi, |
| Dates associated with a name | 1900- |
| 740 0# - ADDED ENTRY--UNCONTROLLED RELATED/ANALYTICAL TITLE | |
| Uncontrolled related/analytical title | Analytical flora of Palestine. |
No items available.